Seudoapendicitis urológicas / (Record no. 132378)

MARC details
000 -LEADER
campo de control de longitud fija 00974nam a2200229 4500
001 - NÚMERO DE CONTROL
campo de control 132378
003 - IDENTIFICADOR DE NÚMERO DE CONTROL
campo de control ES-MaACL
005 - FECHA Y HORA DE LA ÚLTIMA TRANSACCIÓN
campo de control 20230906194149.0
007 - CAMPO FIJO DE DESCRIPCIÓN FÍSICA--INFORMACIÓN GENERAL
campo de control de longitud fija t|
008 - DATOS DE LONGITUD FIJA--INFORMACIÓN GENERAL
campo de control de longitud fija 070214s1963 sp r ||||1| spa d
100 1# - ENTRADA PRINCIPAL--NOMBRE DE PERSONA
Nombre de persona Romero Aguirre, Francisco.
9 (RLIN) 99354
245 10 - MENCIÓN DEL TÍTULO
Título Seudoapendicitis urológicas /
Mención de responsabilidad, etc. por el Dr. Francisco Romero Aguirre .
Resto del título Seudoapendicitis (síndromes dolorosos agudos de la fosa ilíaca derecha / por el Dr. Ángel Duplá Marco . Seudoapendicitis / por el Dr. Antonio Ramón y Cajal Vinós.
260 ## - PUBLICACIÓN, DISTRIBUCIÓN, ETC.
Lugar de publicación, distribución, etc. Zaragoza :
Nombre del editor, distribuidor, etc. Institución "Fernando el Católico",
Fecha de publicación, distribución, etc. 1963.
300 ## - DESCRIPCIÓN FÍSICA
Extensión 105 p., 2 lám. ;
Dimensiones 24 cm.
594 ## - Nota al título y mención de responsabilidad
Nota al título y mención de responsabilidad IV Jornadas Médicas Aragonesas.
650 00 - PUNTO DE ACCESO ADICIONAL DE MATERIA--TÉRMINO DE MATERIA
Término de materia o nombre geográfico como elemento de entrada Apendicitis.
9 (RLIN) 9917
700 1# - ENTRADA AGREGADA--NOMBRE PERSONAL
Nombre de persona Duplá Marco, Angel.
9 (RLIN) 46090
700 1# - ENTRADA AGREGADA--NOMBRE PERSONAL
Nombre de persona Ramón y Cajal Vinós, Antonio.
9 (RLIN) 95231
710 2# - ENTRADA AGREGADA--NOMBRE DE ENTIDAD CORPORATIVA
Nombre de entidad corporativa o nombre de jurisdicción como elemento de entrada Institución "Fernando el Católico"
9 (RLIN) 4721
711 2# - ENTRADA AGREGADA--NOMBRE DE REUNIÓN
Nombre de congreso/reunión o jurisdicción como elemento de entrada Jornadas Médicas Aragonesas (
Número del congreso/reunión o número de parte o sección 4º.
Fecha del congreso o de la firma del tratado 1963.
Sede del congreso/Lugar de la reunión Zaragoza)
9 (RLIN) 836
852 ## - LOCALIZACIÓN
Ubicación ES-MaACL
Número de control de estantería C-16087
Holdings
Estatus retirado Estado de pérdida Estado de daño No para préstamo Biblioteca de origen Biblioteca actual Ubicación en estantería Fecha de adquisición Fuente de adquisición Total de préstamos Signatura topográfica completa Código de barras Visto por última vez Precio de reemplazo Tipo de ítem Koha
        Biblioteca del Ateneo de Madrid Biblioteca del Ateneo de Madrid Ficheros 17/01/2008     C-16087 1137820 23/02/2023 23/02/2023 Libro impreso